Language and Speech in Parkinson’s Disease: Studies in Functional Neuro-Imaging (notice n° 1723621)

détails MARC
000 -LEADER
fixed length control field 01522cam a2200241 4500500
005 - DATE AND TIME OF LATEST TRANSACTION
control field 20260322002447.0
041 ## - LANGUAGE CODE
Language code of text/sound track or separate title fre
042 ## - AUTHENTICATION CODE
Authentication code dc
100 10 - MAIN ENTRY--PERSONAL NAME
Personal name de Guire Ouellet, Sophie
Relator term author
245 00 - TITLE STATEMENT
Title Language and Speech in Parkinson’s Disease: Studies in Functional Neuro-Imaging
260 ## - PUBLICATION, DISTRIBUTION, ETC.
Date of publication, distribution, etc. 2012.<br/>
500 ## - GENERAL NOTE
General note 18
520 ## - SUMMARY, ETC.
Summary, etc. Motor speech impairments are often present in movement disorders. Our aim in the current review is to present an overview of studies carried out in functional neuroimaging and assessing speech and language in Parkinson’s disease. The overall results lead us to consider the existence of “functional pathophysiologies” dependent on function: brain activation profiles imply specific compensatory recruitments that are driven either by the motoric nature itself or the activation deficits related to the pathology. The variety of methodologies used, the small number of patients studied and the non-homogenous therapeutic conditions still make it difficult to compare the listed studies.
690 ## - LOCAL SUBJECT ADDED ENTRY--TOPICAL TERM (OCLC, RLIN)
Topical term or geographic name as entry element functional brain imaging
690 ## - LOCAL SUBJECT ADDED ENTRY--TOPICAL TERM (OCLC, RLIN)
Topical term or geographic name as entry element language
690 ## - LOCAL SUBJECT ADDED ENTRY--TOPICAL TERM (OCLC, RLIN)
Topical term or geographic name as entry element Parkinson’s disease
690 ## - LOCAL SUBJECT ADDED ENTRY--TOPICAL TERM (OCLC, RLIN)
Topical term or geographic name as entry element speech
700 10 - ADDED ENTRY--PERSONAL NAME
Personal name Letanneux, Alban
Relator term author
700 10 - ADDED ENTRY--PERSONAL NAME
Personal name Champagne-Lavau, Maud
Relator term author
700 10 - ADDED ENTRY--PERSONAL NAME
Personal name Pinto, Serge
Relator term author
786 0# - DATA SOURCE ENTRY
Note Revue française de linguistique appliquée | XVII | 2 | 2012-12-01 | p. 19-31 | 1386-1204
856 41 - ELECTRONIC LOCATION AND ACCESS
Uniform Resource Identifier <a href="https://shs.cairn.info/journal-revue-francaise-de-linguistique-appliquee-2012-2-page-19?lang=en&redirect-ssocas=7080">https://shs.cairn.info/journal-revue-francaise-de-linguistique-appliquee-2012-2-page-19?lang=en&redirect-ssocas=7080</a>

Pas d'exemplaire disponible.

PLUDOC

PLUDOC est la plateforme unique et centralisée de gestion des bibliothèques physiques et numériques de Guinée administré par le CEDUST. Elle est la plus grande base de données de ressources documentaires pour les Étudiants, Enseignants chercheurs et Chercheurs de Guinée.

Adresse

627 919 101/664 919 101

25 boulevard du commerce
Kaloum, Conakry, Guinée

Réseaux sociaux

Powered by Netsen Group @ 2025